Potraviny draželi pomalšie, čo Slovákov čaká teraz?

Rekordné tempo rastu cien potravín z predchádzajúcich rokov sa vlani nezopakovalo, trh však aj napriek tomu zaznamenal niekoľko výkyvov. Na konečných cenách produktov sa podpísalo počasie, ale aj krátkodobé výpadky.

Na minha lista:
Detalhes bibliográficos
Autor principal: Hubinská, Veronika
Formato: Capítulo de Livro
Idioma:eslovaco
Assuntos:
Tags: Adicionar Tag
Sem tags, seja o primeiro a adicionar uma tag!

MARC

LEADER 00000naa a2200000 4500
001 0308317
005 20250428122638.5
041 0 |a slo 
044 |a SK 
245 1 0 |a Potraviny draželi pomalšie, čo Slovákov čaká teraz?  |c Veronika Hubinská 
520 |a Rekordné tempo rastu cien potravín z predchádzajúcich rokov sa vlani nezopakovalo, trh však aj napriek tomu zaznamenal niekoľko výkyvov. Na konečných cenách produktov sa podpísalo počasie, ale aj krátkodobé výpadky. 
610 2 0 |a potraviny 
610 2 0 |a inflácia 
610 2 0 |a výroba rastlinná 
610 2 0 |a výroba živočíšna 
610 2 0 |a analýzy 
610 2 0 |a diverzifikácia 
100 1 |a Hubinská, Veronika